[Event "Klubbmesterskap 1998 (kvalifisering Ås)"]
[Site "Ås, Akershus NOR"]
[Date "1998.02.06"]
[Round "1"]
[White "Hanssen, Jon Fr"]
[Black "Lea, Per"]
[Result "0-1"]
[WhiteElo "1069"]
[BlackElo "1702"]
[PlyCount "76"]
[EventDate "1998.01.27"]

1. Nf3 Nf6 2. d4 d5 3. e3 Bg4 4. Nbd2 e6 5. c3 c5 6. Be2 Nc6 7. Ne5 Nxe5 8.
dxe5 Bxe2 9. Qxe2 Nd7 10. Nf3 Qc7 11. Qb5 a6 12. Qa4 c4 13. O-O b5 14. Qd1 Nxe5
15. Nxe5 Qxe5 16. Qd4 Bd6 17. Qxe5 Bxe5 18. f4 Bf6 19. Bd2 O-O 20. Rab1 a5 21.
a3 Be7 22. f5 e5 23. Rf3 Rfd8 24. Rbf1 f6 25. Kf2 Bc5 26. Ke2 d4 27. e4 dxc3
28. Rxc3 Rd4 29. Re3 b4 30. a4 Rad8 31. Rd1 Rxd2+ 32. Rxd2 Rxd2+ 33. Kxd2 Bxe3+
34. Kxe3 Kf7 35. g4 Ke7 36. h4 Kd6 37. g5 Kc5 38. Kd2 Kd4 0-1

[Event "Klubbmesterskap 1998 (kvalifisering Ås)"]
[Site "Ås, Akershus NOR"]
[Date "1998.02.10"]
[Round "2"]
[White "Lea, Per"]
[Black "Weberg, Øivind"]
[Result "1/2-1/2"]
[WhiteElo "1702"]
[BlackElo "1645"]
[PlyCount "131"]
[EventDate "1998.01.27"]

1. e4 e6 2. d4 d5 3. Nc3 Nf6 4. Bg5 h6 5. Bxf6 gxf6 6. Bd3 dxe4 7. Bxe4 f5 8.
Bf3 Bg7 9. Nge2 Nc6 10. d5 Ne5 11. Bh5 O-O 12. O-O Qh4 13. Ng3 Rd8 14. f4 Nc4
15. Qe2 Bd4+ 16. Kh1 Ne3 17. Rf3 Nxd5 18. Nxd5 exd5 19. c4 Be6 20. cxd5 Rxd5
21. Rc1 c5 22. b3 Rad8 23. Nf1 Bg7 24. Rf2 b6 25. g3 Qf6 26. Bf3 Rd3 27. Rc2
Qa1 28. Kg2 Rd1 29. Qa6 R1d7 30. Bc6 Rc7 31. Bf3 Bd5 32. Bxd5 Rxd5 33. Ne3 Rd8
34. Nxf5 Rcd7 35. Nxg7 Qxg7 36. Qe2 Qf6 37. Qg4+ Kh7 38. Qf3 Rd3 39. Qe4+ Kg7
40. Qe2 Qc6+ 41. Kg1 Rd1+ 42. Rf1 Rxf1+ 43. Qxf1 Qe4 44. Qe2 Qd4+ 45. Kg2 Kf6
46. Qf3 Qd5 47. Re2 Qxf3+ 48. Kxf3 a6 49. g4 Rd4 50. Ke3 Ke6 51. h4 f6 52. a3
Rd1 53. Kf3+ Kd5 54. g5 fxg5 55. hxg5 hxg5 56. fxg5 Rg1 57. Rg2 Rf1+ 58. Kg4
Rf8 59. g6 Ke6 60. Kg5 b5 61. Re2+ Kd5 62. g7 Rg8 63. Kf6 c4 64. Kf7 Rxg7+ 65.
Kxg7 c3 66. Re8 1/2-1/2

[Event "Klubbmesterskap 1998 (kvalifisering Ås)"]
[Site "Ås, Akershus NOR"]
[Date "1998.02.10"]
[Round "2"]
[White "Furnes, Torstein"]
[Black "Hanssen, Jon Fr"]
[Result "1-0"]
[WhiteElo "1483"]
[BlackElo "1069"]
[PlyCount "33"]
[EventDate "1998.01.27"]

1. d4 d5 2. c4 e6 3. Nc3 Bb4 4. e3 Nf6 5. Bd2 Ne4 6. Nxe4 Bxd2+ 7. Nxd2 c6 8.
Ngf3 Nd7 9. Qc2 Nf6 10. Bd3 g6 11. O-O a6 12. Ne5 Nd7 13. Ndf3 f6 14. Bxg6+
hxg6 15. Qxg6+ Ke7 16. Qg7+ Kd6 17. Nf7+ 1-0

[Event "Klubbmesterskap 1998 (kvalifisering Ås)"]
[Site "Ås, Akershus NOR"]
[Date "1998.02.17"]
[Round "3"]
[White "Moberg, Jan Rune"]
[Black "Lea, Per"]
[Result "1-0"]
[WhiteElo "1344"]
[BlackElo "1702"]
[PlyCount "67"]
[EventDate "1998.01.27"]

1. Nf3 Nf6 2. d4 d5 3. Bf4 e6 4. c4 dxc4 5. Qa4+ Nc6 6. Qxc4 Bb4+ 7. Bd2 Qe7 8.
a3 Bxd2+ 9. Nbxd2 O-O 10. e3 Rd8 11. Be2 e5 12. dxe5 Nxe5 13. Qc2 c5 14. Rc1 b6
15. O-O Bb7 16. h3 Rd6 17. Nxe5 Qxe5 18. Nc4 Qg5 19. f3 Rd7 20. Rcd1 Nd5 21. f4
Nxf4 22. Bf3 Rxd1 23. Qxd1 Nxg2 24. Kh2 Nxe3 25. Nxe3 Bxf3 26. Qxf3 Rf8 27. Nf5
Qd2+ 28. Rf2 Qd7 29. Qg3 g6 30. Nh6+ Kg7 31. Ng4 f5 32. Qe5+ Kf7 33. Qf6+ Kg8
34. Nh6# 1-0

[Event "Klubbmesterskap 1998 (kvalifisering Ås)"]
[Site "Ås, Akershus NOR"]
[Date "1998.02.17"]
[Round "3"]
[White "Furnes, Torstein"]
[Black "Bekkelien, Glenn Lewi"]
[Result "1/2-1/2"]
[WhiteElo "1483"]
[BlackElo "1528"]
[PlyCount "51"]
[EventDate "1998.01.27"]

1. d4 Nf6 2. c4 e6 3. Nc3 Bb4 4. a3 Bxc3+ 5. bxc3 c5 6. Nf3 b6 7. Bf4 d6 8. e3
Bb7 9. Bd3 Qe7 10. O-O Nbd7 11. Bg3 Ne4 12. Qc2 f5 13. Nd2 Nxg3 14. hxg3 g6 15.
e4 O-O 16. Rae1 Qg7 17. d5 exd5 18. cxd5 Ne5 19. c4 f4 20. gxf4 Rxf4 21. g3
Nf3+ 22. Nxf3 Rxf3 23. Re3 Rxe3 24. fxe3 Rf8 25. Rxf8+ Kxf8 26. Qa4 1/2-1/2

[Event "Klubbmesterskap 1998 (kvalifisering Ås)"]
[Site "Ås, Akershus NOR"]
[Date "1998.03.03"]
[Round "4"]
[White "Lea, Per"]
[Black "Kristiansen, Eirik"]
[Result "1-0"]
[WhiteElo "1702"]
[BlackElo "847"]
[PlyCount "67"]
[EventDate "1998.01.27"]

1. e4 e5 2. Nf3 Nc6 3. Bc4 Bc5 4. c3 Nf6 5. d4 exd4 6. cxd4 Bb4+ 7. Nc3 Bxc3+
8. bxc3 Nxe4 9. O-O O-O 10. Qc2 Nf6 11. Ba3 d6 12. Rfe1 h6 13. h3 Re8 14. Bd3
g6 15. Bxg6 Kg7 16. Bd3 Be6 17. Bb2 Qd7 18. Kh2 Re7 19. a3 Rae8 20. c4 d5 21.
Ne5 Qd6 22. Rad1 Bd7 23. c5 Qe6 24. Nf3 Qxe1 25. Nxe1 Rxe1 26. Rxe1 Rxe1 27.
Be2 Ne4 28. f3 Nf2 29. g4 Rh1+ 30. Kg2 Rxh3 31. Kxf2 h5 32. Kg2 hxg4 33. fxg4
Rh6 34. g5 1-0

[Event "Klubbmesterskap 1998 (kvalifisering Ås)"]
[Site "Ås, Akershus NOR"]
[Date "1998.03.03"]
[Round "4"]
[White "Gressli, Kristoffer"]
[Black "Furnes, Torstein"]
[Result "0-1"]
[WhiteElo "984"]
[BlackElo "1483"]
[PlyCount "106"]
[EventDate "1998.01.27"]

1. f4 d5 2. b3 Nf6 3. Bb2 c5 4. Nf3 Nc6 5. e3 Bg4 6. Bb5 e6 7. Bxc6+ bxc6 8. d3
Bd6 9. Nbd2 a5 10. Nf1 a4 11. Ng3 Qb6 12. Bc3 c4 13. Bd4 Qa5+ 14. Qd2 cxd3 15.
Qxa5 Rxa5 16. cxd3 O-O 17. h3 Bxf3 18. gxf3 axb3 19. axb3 Rxa1+ 20. Bxa1 Rb8
21. Bxf6 gxf6 22. Nh5 Rxb3 23. Rg1+ Kf8 24. Nxf6 Rb1+ 25. Kf2 Rxg1 26. Kxg1 h6
27. Kf2 Be7 28. Ng4 Kg7 29. e4 h5 30. Ne5 c5 31. Ke2 Bd6 32. exd5 exd5 33. Ke3
Kf6 34. Nd7+ Kf5 35. Kf2 Kxf4 36. Nf6 Ke5 37. Nxh5 c4 38. dxc4 dxc4 39. Ng3
Bc5+ 40. Ke1 Kd4 41. Kd1 Kd3 42. Ne4 Be3 43. h4 c3 44. Nxc3 Kxc3 45. Ke2 Kd4
46. Kf1 Ke5 47. Kg2 Kf4 48. h5 Kg5 49. Kg3 Kxh5 50. f4 f5 51. Kf3 Bd2 52. Kg3
Be1+ 53. Kf3 Kh4 0-1

[Event "Klubbmesterskap 1998 (kvalifisering Ås)"]
[Site "Ås, Akershus NOR"]
[Date "1998.03.10"]
[Round "5"]
[White "Sterk, Michel"]
[Black "Lea, Per"]
[Result "1-0"]
[WhiteElo "1543"]
[BlackElo "1702"]
[PlyCount "137"]
[EventDate "1998.01.27"]

1. d4 d5 2. Nf3 Nf6 3. Bg5 e6 4. e3 Be7 5. Nbd2 b6 6. c3 Bb7 7. Bd3 Nbd7 8. Qc2
h6 9. Bh4 Nh5 10. Bxe7 Qxe7 11. O-O-O O-O-O 12. Qa4 Kb8 13. Ne5 Nxe5 14. dxe5
Qg5 15. g4 d4 16. exd4 Bxh1 17. Rxh1 Qe7 18. gxh5 c5 19. Kb1 cxd4 20. cxd4 Qd7
21. Qxd7 Rxd7 22. Nf3 Kc8 23. Rg1 f6 24. exf6 gxf6 25. Rg6 Rf7 26. Bc4 Kd7 27.
d5 exd5 28. Bxd5 Rff8 29. Bc4 Rc8 30. b3 Rc5 31. Rxf6 Rxh5 32. Rf7+ Kd6 33.
Rxa7 Rf5 34. Nd2 Ke5 35. Rb7 Rxf2 36. Rd7 h5 37. Rd5+ Kf4 38. Rd4+ Ke3 39. Rd3+
Kf4 40. h3 h4 41. Kc2 Rc8 42. Kb2 Rc5 43. Be6 Re5 44. Bg4 Re3 45. Rd4+ Ke5 46.
Rd8 Rg3 47. Ka3 Rgg2 48. Nc4+ Ke4 49. Nxb6 Rxa2+ 50. Kb4 Rxg4 51. hxg4 h3 52.
Rh8 h2 53. g5 Kf5 54. Nc4 Kxg5 55. Ne3 Re2 56. Nf1 h1=Q 57. Rxh1 Re1 58. Ng3
Re3 59. Rg1 Kf4 60. Nh5+ Ke5 61. Rc1 Kd6 62. Nf6 Re5 63. Rc4 Re2 64. Ne4+ Kd7
65. Kc5 Kc7 66. Kb5+ Kb8 67. Nc5 Ra2 68. b4 Ka8 69. Re4 1-0

[Event "Klubbmesterskap 1998 (kvalifisering Ås)"]
[Site "Ås, Akershus NOR"]
[Date "1998.03.10"]
[Round "5"]
[White "Furnes, Torstein"]
[Black "Delphin, Nils Håkon"]
[Result "1-0"]
[WhiteElo "1483"]
[BlackElo "1121"]
[PlyCount "75"]
[EventDate "1998.01.27"]

1. d4 d5 2. c4 c6 3. Nc3 Nf6 4. e3 Bf5 5. Nf3 Nbd7 6. Qb3 Qb6 7. Qxb6 axb6 8.
cxd5 cxd5 9. Bb5 g6 10. Na4 Kd8 11. Bd2 e6 12. O-O Bd6 13. Rfc1 Ke7 14. a3 Rhd8
15. h3 Be4 16. Ng5 Bf5 17. g4 Be4 18. Nxe4 dxe4 19. Rc2 Nd5 20. Rac1 Kf8 21.
Nc3 N7f6 22. Kg2 Rdc8 23. f3 exf3+ 24. Kxf3 Kg7 25. e4 Nxc3 26. Rxc3 Rxc3+ 27.
Rxc3 Be7 28. Rc7 Kf8 29. Bh6+ Kg8 30. Rxe7 Rd8 31. e5 Nd5 32. Re8+ Rxe8 33.
Bxe8 Nc7 34. Bd7 b5 35. Bg5 Kf8 36. Bd8 Nd5 37. Bxb5 h6 38. Bc4 1-0

[Event "Klubbmesterskap 1998 (kvalifisering Ås)"]
[Site "Ås, Akershus NOR"]
[Date "1998.03.24"]
[Round "6"]
[White "Lea, Per"]
[Black "Delphin, Nils Håkon"]
[Result "1-0"]
[WhiteElo "1702"]
[BlackElo "1121"]
[PlyCount "79"]
[EventDate "1998.01.27"]

1. e4 e5 2. Nf3 Nc6 3. Bb5 a6 4. Ba4 Nf6 5. O-O d6 6. Re1 Bg4 7. c3 b5 8. Bc2
Be7 9. d3 Qd7 10. Nbd2 O-O 11. Nf1 Nd8 12. h3 Bh5 13. Ng3 Bg6 14. d4 exd4 15.
cxd4 c6 16. Nh4 Ne6 17. Nxg6 fxg6 18. f4 Ne8 19. f5 gxf5 20. Nxf5 Bd8 21. Be3
Rc8 22. Rc1 Ba5 23. Bd2 Bb6 24. Be3 Ba5 25. Re2 g6 26. Ng3 Bc7 27. Bb3 Kh8 28.
d5 Nd8 29. dxc6 Nxc6 30. Qd5 Bd8 31. Qe6 Nf6 32. Qxd7 Nxd7 33. Be6 Nde5 34.
Bxc8 Bh4 35. Kh2 Rxc8 36. Bd4 Rf8 37. Rxc6 Kg8 38. Bxe5 dxe5 39. Rxa6 Be7 40.
Re6 1-0

[Event "Klubbmesterskap 1998 (kvalifisering Ås)"]
[Site "Ås, Akershus NOR"]
[Date "1998.03.24"]
[Round "6"]
[White "Furnes, Torstein"]
[Black "Sterk, Michel"]
[Result "1-0"]
[WhiteElo "1483"]
[BlackElo "1543"]
[PlyCount "93"]
[EventDate "1998.01.27"]

1. d4 Nf6 2. c4 e5 3. e3 e4 4. Nc3 Bb4 5. Nge2 c6 6. a3 Bxc3+ 7. Nxc3 d5 8. Qc2
O-O 9. g3 Bg4 10. Bg2 Qc8 11. h3 Bf3 12. Bxf3 exf3 13. Qd1 Qf5 14. g4 Qe6 15.
cxd5 Nxd5 16. Qxf3 Nxc3 17. bxc3 Qb3 18. e4 Nd7 19. O-O c5 20. d5 Ne5 21. Qe3
b6 22. f4 Nc4 23. Qd3 Rfe8 24. e5 Rad8 25. Re1 Na5 26. d6 c4 27. Qd2 Qb5 28. a4
Qc6 29. Ra2 Nb3 30. Qf2 Nc5 31. Qd2 Qf3 32. Ba3 Qg3+ 33. Kf1 Qxh3+ 34. Qg2
Qxg2+ 35. Rxg2 Nxa4 36. Bb4 a5 37. Ra2 axb4 38. Rxa4 bxc3 39. Rxc4 f6 40. Rxc3
fxe5 41. fxe5 Kf7 42. Rc7+ Ke6 43. Rxg7 Kd5 44. Rg5 b5 45. Rd1+ Ke4 46. Rf5 b4
47. e6 1-0

[Event "Klubbmesterskap 1998 (kvalifisering Ås)"]
[Site "Ås, Akershus NOR"]
[Date "1998.03.31"]
[Round "7"]
[White "Moberg, Jan Rune"]
[Black "Furnes, Torstein"]
[Result "1/2-1/2"]
[WhiteElo "1344"]
[BlackElo "1483"]
[PlyCount "88"]
[EventDate "1998.01.27"]

1. e4 c5 2. Nf3 Nc6 3. d4 cxd4 4. Nxd4 e5 5. Nb3 Nf6 6. Nc3 Bb4 7. Bd3 O-O 8.
O-O Bxc3 9. bxc3 d5 10. Bg5 dxe4 11. Bxf6 Qxf6 12. Bxe4 Rd8 13. Qe2 Bf5 14. f3
Rac8 15. Rad1 Bxe4 16. fxe4 Qe7 17. Rd3 a5 18. Rfd1 a4 19. Nc1 Qc5+ 20. Qf2
Qxf2+ 21. Kxf2 f6 22. Ke3 Kf8 23. Ne2 Ke7 24. g4 b5 25. h4 Na5 26. Rxd8 Nc4+
27. Kf2 Rxd8 28. Rxd8 Kxd8 29. Ke1 Ne3 30. g5 Nxc2+ 31. Kd2 Na3 32. Ng3 Nc4+
33. Kd3 fxg5 34. hxg5 Ke7 35. Nf5+ Kf7 36. Nh4 h6 37. gxh6 gxh6 38. Ke2 Kf6 39.
Nf3 Kg6 40. Kf2 Kf6 41. Ke2 h5 42. Kf2 Kg6 43. Ke2 Kf6 44. Kd3 Kg6 1/2-1/2

[Event "Klubbmesterskap 1998 (kvalifisering Ås)"]
[Site "Ås, Akershus NOR"]
[Date "1998.03.31"]
[Round "7"]
[White "Lea, Per"]
[Black "Bekkelien, Glenn Lewi"]
[Result "1-0"]
[WhiteElo "1702"]
[BlackElo "1562"]
[PlyCount "73"]
[EventDate "1998.01.27"]

1. e4 c6 2. d4 d5 3. Nc3 dxe4 4. Nxe4 Nf6 5. Nxf6+ gxf6 6. Be3 Bf5 7. Bc4 e6 8.
Qd2 Qc7 9. O-O-O Nd7 10. Nf3 O-O-O 11. Nh4 Bg6 12. Nxg6 hxg6 13. h3 Nb6 14. Qe2
Bh6 15. Bxh6 Rxh6 16. Rhe1 Qf4+ 17. Kb1 Nxc4 18. Qxc4 Qxf2 19. Re2 Qh4 20. Re3
Rh5 21. Ra3 Kb8 22. Rb3 Qe4 23. Qa6 Rd7 24. a4 Qxg2 25. h4 Rxh4 26. d5 exd5 27.
Qxc6 Rc4 28. Qxd7 Qxc2+ 29. Ka2 Rxa4+ 30. Qxa4 Qxd1 31. Rxb7+ Kxb7 32. Qxd1 Kc6
33. Qf1 f5 34. Qa6+ Kd7 35. Qxa7+ Ke6 36. Qe3+ Kf6 37. b4 1-0

[Event "Klubbmesterskap 1998 (kvalifisering Ås)"]
[Site "Ås, Akershus NOR"]
[Date "1998.04.14"]
[Round "8"]
[White "Furnes, Torstein"]
[Black "Lea, Per"]
[Result "1/2-1/2"]
[WhiteElo "1483"]
[BlackElo "1702"]
[PlyCount "89"]
[EventDate "1998.01.27"]

1. d4 Nf6 2. c4 g6 3. Nc3 Bg7 4. e4 d6 5. f4 c5 6. d5 O-O 7. Nf3 Bd7 8. e5 Ne8
9. Bd3 Qc7 10. Qe2 e6 11. h4 f6 12. dxe6 Bxe6 13. Nb5 Qd7 14. exd6 Nxd6 15. h5
Re8 16. Nxd6 Qxd6 17. hxg6 Nc6 18. gxh7+ Kh8 19. Be3 Bg4 20. O-O-O Qe6 21. Rde1
Nd4 22. Bxd4 Qxe2 23. Rxe2 cxd4 24. Rhe1 Rxe2 25. Rxe2 Rc8 26. Re7 b5 27. b3
bxc4 28. bxc4 Bh6 29. Rxa7 Bxf4+ 30. Kc2 Be6 31. Nxd4 (31. Nh4 Bc7 32. Ng6+
Kxh7 (32... Kg7 33. Rxc7+) 33. Ne7+ Kh6 34. Nxc8) 31... Bxc4 32. Bxc4 Rxc4+ 33.
Kd3 Rc1 34. Ke4 Bg3 35. Kf5 Bf2 36. Kg6 Rc8 37. Nf5 $4 (37. Rd7) 37... Bxa7 38.
Nh6 Rc7 39. Nf7+ Rxf7 40. Kxf7 f5 41. Kg6 f4 42. a4 Bb6 43. Kf5 Be3 44. a5 Kxh7
45. a6 1/2-1/2

[Event "Klubbmesterskap 1998 (kvalifisering Ås)"]
[Site "Ås, Akershus NOR"]
[Date "1998.04.21"]
[Round "9"]
[White "Thorvaldsen, Per"]
[Black "Furnes, Torstein"]
[Result "0-1"]
[WhiteElo "911"]
[BlackElo "1483"]
[PlyCount "84"]
[EventDate "1998.01.27"]

1. d4 d5 2. e3 Nf6 3. c4 e6 4. a3 c5 5. Nf3 Nc6 6. Nc3 cxd4 7. Nxd4 Be7 8. Be2
O-O 9. b4 Ne5 10. c5 a5 11. Bb2 Nc6 12. Qb3 Bd7 13. O-O e5 14. Nxc6 bxc6 15.
Rfd1 Rb8 16. Qa4 axb4 17. axb4 Bxc5 18. Ba3 Bd6 19. b5 cxb5 20. Nxb5 Bxa3 21.
Rxa3 Qb6 22. Rb1 Rfc8 23. h3 Rc5 24. Rab3 Bxb5 25. Rxb5 Rxb5 26. Rxb5 Qc7 27.
Qb4 Rxb5 28. Bxb5 h6 29. g3 Qb6 30. Kg2 Ne4 31. Qa4 d4 32. Bd3 Qb7 33. Qe8+ Kh7
34. f3 Qb2+ 35. Kg1 Qf2+ 36. Kh1 Qxf3+ 37. Kh2 Qxg3+ 38. Kh1 Qxh3+ 39. Kg1
Qxe3+ 40. Kh1 Qxd3 41. Qxe5 Qh3+ 42. Kg1 Qg3+ 0-1

[Event "Klubbmesterskap 1998 (finale)"]
[Site "Ski, Akershus NOR"]
[Date "1998.05.04"]
[Round "1"]
[White "Bekkelien, Glenn Lewi"]
[Black "Moberg, Jan Rune"]
[Result "1-0"]
[WhiteElo "1562"]
[BlackElo "1344"]
[PlyCount "93"]
[EventDate "1998.05.04"]

1. c4 d5 2. cxd5 Nf6 3. Nc3 Nxd5 4. Nf3 g6 5. g3 Bg7 6. Bg2 O-O 7. O-O c6 8. d4
Na6 9. Nxd5 Qxd5 10. Ne5 Qd8 11. a3 c5 12. e3 cxd4 13. exd4 Nc7 14. Be3 Nd5 15.
Qd2 Nxe3 16. Qxe3 Qd6 17. Rfd1 Be6 18. Rac1 Bd5 19. Bxd5 Qxd5 20. Rc5 Qd6 21.
Rdc1 e6 22. Rc7 Rad8 23. Rxb7 Qxd4 24. Qxd4 Rxd4 25. Nf3 Ra4 26. Rcc7 h6 27.
Kf1 Bf6 28. Ne1 Bd4 29. Nd3 Bb6 30. Rd7 Rd4 31. Ne5 Rxd7 32. Nxd7 Rc8 33. Nxb6
Rc1+ 34. Kg2 axb6 35. Rxb6 Rc7 36. a4 Ra7 37. b3 Kf8 38. Rb5 Ke7 39. a5 Kd7 40.
b4 Kc7 41. Kf3 Kc6 42. Rb6+ Kd5 43. a6 e5 44. b5 Rc7 45. Rb7 Rc3+ 46. Kg2 Kc5
47. Rc7+ 1-0

[Event "Klubbmesterskap 1998 (finale)"]
[Site "Ski, Akershus NOR"]
[Date "1998.05.04"]
[Round "1"]
[White "Sondresen, Per"]
[Black "Gaasland, Glenn"]
[Result "0-1"]
[WhiteElo "1771"]
[BlackElo "1900"]
[PlyCount "68"]
[EventDate "1998.05.04"]

1. d4 Nf6 2. Nf3 g6 3. Nc3 Bg7 4. e4 d6 5. h3 O-O 6. Be3 c5 7. d5 b5 8. Bxb5
Nxe4 9. O-O Bxc3 10. bxc3 Nxc3 11. Qd3 Nxb5 12. Qxb5 Ba6 13. Qb2 Bxf1 14. Bh6
f6 15. Bxf8 Bc4 16. Qb7 Nd7 17. Bxe7 Rb8 18. Bxd8 Rxb7 19. Be7 Rb6 20. Rd1 Kf7
21. Bd8 Ra6 22. Bc7 Ke7 23. Re1+ Ne5 24. Nxe5 fxe5 25. f4 Kd7 26. fxe5 Kxc7 27.
e6 Kd8 28. Rd1 Rxa2 29. Rd2 Ra1+ 30. Kh2 Re1 31. Rf2 Rf1 32. Rxf1 Bxf1 33. Kg3
Bc4 34. Kf4 Bxd5 0-1

[Event "Klubbmesterskap 1998 (finale)"]
[Site "Ås, Akershus NOR"]
[Date "1998.05.05"]
[Round "2"]
[White "Gaasland, Glenn"]
[Black "Furnes, Torstein"]
[Result "1-0"]
[WhiteElo "1900"]
[BlackElo "1483"]
[PlyCount "71"]
[EventDate "1998.05.04"]

1. d4 d5 2. c4 e6 3. Nc3 Nf6 4. cxd5 exd5 5. Bg5 Be7 6. e3 O-O 7. Bd3 c6 8. Qc2
Nbd7 9. Nge2 h6 10. Bh4 Re8 11. O-O Nf8 12. f3 c5 13. Rad1 c4 14. Bf5 a6 15.
Rfe1 b5 16. Bxc8 Rxc8 17. Bxf6 Bxf6 18. Nf4 b4 19. Ncxd5 g5 20. Nh5 Be7 21. Qf5
Rc6 22. e4 a5 23. Nxe7+ Qxe7 24. d5 Ra6 25. e5 Rd8 26. Kh1 Qc5 27. Nf6+ Kg7 28.
Ne4 Qb5 29. Nd6 Raxd6 30. exd6 Rxd6 31. Qe5+ Rf6 32. d6 Qa4 33. b3 Qxa2 34. d7
Nxd7 35. Rxd7 cxb3 36. Rd6 1-0

[Event "Klubbmesterskap 1998 (finale)"]
[Site "Ås, Akershus NOR"]
[Date "1998.05.05"]
[Round "2"]
[White "Ådnøy, Hallvard Voll"]
[Black "Sondresen, Per"]
[Result "1-0"]
[WhiteElo "1924"]
[BlackElo "1771"]
[PlyCount "47"]
[EventDate "1998.05.04"]

1. e4 e6 2. d3 d5 3. Nd2 Be7 4. Ngf3 Nf6 5. g3 O-O 6. Bg2 dxe4 7. dxe4 Nc6 8.
e5 Nd7 9. Qe2 Nb4 10. Ne4 b6 11. O-O Bb7 12. Rd1 Qc8 13. a3 Nc6 14. Bf4 a5 15.
h4 a4 16. Nfg5 h6 17. Rxd7 Qxd7 18. Qh5 Ra5 19. Rd1 Qc8 20. Nf6+ Bxf6 21. exf6
hxg5 22. Be4 Rf5 23. Bxf5 exf5 24. Qxg5 1-0

[Event "Klubbmesterskap 1998 (finale)"]
[Site "Ski, Akershus NOR"]
[Date "1998.05.11"]
[Round "3"]
[White "Sondresen, Per"]
[Black "Bekkelien, Glenn Lewi"]
[Result "1-0"]
[WhiteElo "1771"]
[BlackElo "1562"]
[PlyCount "117"]
[EventDate "1998.05.04"]

1. d4 Nf6 2. Nf3 e6 3. Bf4 b6 4. Nbd2 Bb7 5. e3 Be7 6. h3 d5 7. Bb5+ c6 8. Bd3
Nbd7 9. O-O O-O 10. c4 Nh5 11. Bh2 f5 12. Rc1 Qe8 13. cxd5 exd5 14. Qb3 Kh8 15.
Qc2 Qf7 16. Ne5 Nxe5 17. Bxe5 Qe6 18. Nf3 Rf7 19. b4 Raf8 20. a4 Kg8 21. Qb1 g5
22. Kh1 g4 23. Ng1 Bd6 24. f4 Ng3+ 25. Kh2 Nxf1+ 26. Bxf1 Bxe5 27. dxe5 Qh6 28.
a5 Rg7 29. a6 Bc8 30. Qc2 Rg6 31. Qd2 gxh3 32. Nxh3 Qh4 33. Qe1 Qxe1 34. Rxe1
h6 35. Rc1 Kf7 36. Be2 Ke7 37. b5 c5 38. Ng1 Bd7 39. Rb1 Rc8 40. Bf3 Be6 41.
Rd1 Rd8 42. Ne2 Rgg8 43. Kg1 Rd7 44. Kf2 Rgd8 45. Rh1 Rh8 46. Ng3 Rc7 47. Nh5
c4 48. Ng7 Rc5 49. Nxe6 Kxe6 50. g4 Rxb5 51. gxf5+ Kxf5 52. Rh5+ Ke6 53. Bg4+
Ke7 54. f5 c3 55. f6+ Kf7 56. Ke2 Rb2+ 57. Kd3 c2 58. Kd2 Rc8 59. Bxc8 1-0

[Event "Klubbmesterskap 1998 (finale)"]
[Site "Ski, Akershus NOR"]
[Date "1998.05.11"]
[Round "3"]
[White "Furnes, Torstein"]
[Black "Ådnøy, Hallvard Voll"]
[Result "1/2-1/2"]
[WhiteElo "1483"]
[BlackElo "1924"]
[PlyCount "67"]
[EventDate "1998.05.04"]

1. d4 Nf6 2. c4 g6 3. Nc3 Bg7 4. e4 O-O 5. f4 d6 6. Nf3 c5 7. d5 e6 8. Be2 exd5
9. exd5 b5 10. Nxb5 Ne4 11. O-O Re8 12. Rb1 Bg4 13. Re1 a6 14. Na3 Ra7 15. Nc2
Rb7 16. Bd2 Rxb2 17. Rxb2 Bxb2 18. h3 Bf5 19. g4 Bd7 20. Bd3 f5 21. Bxe4 Rxe4
22. Rxe4 fxe4 23. Ng5 Ba4 24. Nxe4 Qh4 25. Qb1 Bxc2 26. Qxb2 Bxe4 27. Qxb8+ Kf7
28. Qb7+ Qe7 29. Qxa6 Bd3 30. a4 Qe2 31. Qb7+ Qe7 32. Qb5 Qe2 33. Qd7+ Qe7 34.
Qb5 1/2-1/2

[Event "Klubbmesterskap 1998 (finale)"]
[Site "Ås, Akershus NOR"]
[Date "1998.05.12"]
[Round "4"]
[White "Bekkelien, Glenn Lewi"]
[Black "Furnes, Torstein"]
[Result "1-0"]
[WhiteElo "1562"]
[BlackElo "1483"]
[PlyCount "61"]
[EventDate "1998.05.04"]

1. Nf3 d5 2. g3 Nf6 3. Bg2 c5 4. O-O Nc6 5. d3 e5 6. Nbd2 Bd6 7. e4 d4 8. a4
O-O 9. Nc4 Be6 10. Nxd6 Qxd6 11. Nh4 a6 12. f4 exf4 13. gxf4 Ne8 14. f5 Bd7 15.
Bf4 Qe7 16. Qe1 Nb4 17. Qf2 Rc8 18. Nf3 b5 19. axb5 axb5 20. Ra7 f6 21. Nh4 Nd6
22. Ng6 hxg6 23. fxg6 Nf7 24. gxf7+ Rxf7 25. Rfa1 Qd8 26. Bf3 Be6 27. Bh5 Rxa7
28. Rxa7 c4 29. Bg6 Bd7 30. Qh4 cxd3 31. Qh7+ 1-0

[Event "Klubbmesterskap 1998 (finale)"]
[Site "Ås, Akershus NOR"]
[Date "1998.05.12"]
[Round "4"]
[White "Moberg, Jan Rune"]
[Black "Gaasland, Glenn"]
[Result "0-1"]
[WhiteElo "1344"]
[BlackElo "1900"]
[PlyCount "62"]
[EventDate "1998.05.04"]

1. d4 Nf6 2. Nf3 g6 3. Bf4 Bg7 4. h3 b6 5. e3 Bb7 6. Nbd2 O-O 7. Bd3 d6 8. Qe2
Nbd7 9. c4 c5 10. d5 b5 11. g4 bxc4 12. Bxc4 Nxd5 13. Bxd5 Bxd5 14. e4 Be6 15.
Ng5 Bxb2 16. Rb1 Bd4 17. Nxe6 fxe6 18. Bg3 Qa5 19. O-O Qxa2 20. Rb7 Ne5 21.
Bxe5 Bxe5 22. Rxe7 Bc3 23. Rd1 Bd4 24. Rf1 Rxf2 25. Rxf2 Rf8 26. Rxa7 Qxa7 27.
Nf3 c4 28. Nxd4 Qxd4 29. Qa2 c3 30. Qxe6+ Kh8 31. Qa2 Qxf2+ 0-1

[Event "Klubbmesterskap 1998 (finale)"]
[Site "Ski, Akershus NOR"]
[Date "1998.05.18"]
[Round "5"]
[White "Sondresen, Per"]
[Black "Moberg, Jan Rune"]
[Result "1-0"]
[WhiteElo "1771"]
[BlackElo "1344"]
[PlyCount "53"]
[EventDate "1998.05.04"]

1. d4 d5 2. Nf3 e6 3. Bf4 Be7 4. e3 Nd7 5. Bd3 g5 6. Bg3 h5 7. h4 g4 8. Nfd2
Ndf6 9. Nc3 Bd6 10. O-O Bxg3 11. fxg3 Qd6 12. Ne2 c5 13. c4 Bd7 14. Qe1 Bc6 15.
Rc1 O-O-O 16. dxc5 Qxc5 17. Nd4 Qd6 18. Nxc6 bxc6 19. c5 Qe7 20. Ba6+ Kb8 21.
b4 Nd7 22. Nb3 Ne5 23. Nd4 Nf6 24. Qf2 Ne4 25. Qf4 Qc7 26. Qxe5 Nxg3 27. Nxc6+
1-0

[Event "Klubbmesterskap 1998 (finale)"]
[Site "Ski, Akershus NOR"]
[Date "1998.06.19"]
[Round "5"]
[White "Gaasland, Glenn"]
[Black "Ådnøy, Hallvard Voll"]
[Result "1-0"]
[WhiteElo "1900"]
[BlackElo "1924"]
[PlyCount "40"]
[EventDate "1998.05.04"]

1. d4 Nf6 2. c4 e6 3. Nc3 d5 4. cxd5 exd5 5. Bg5 Be7 6. e3 O-O 7. Bd3 Nbd7 8.
Nge2 Re8 9. Qc2 Nf8 10. O-O c6 11. f3 Be6 12. Kh1 Rc8 13. Rad1 a6 14. e4 dxe4
15. fxe4 Ng4 16. Bc1 Bg5 17. d5 cxd5 18. exd5 Qd6 19. Ng3 Bxc1 20. dxe6 Bf4 1-0

[Event "Klubbmesterskap 1998 (finale)"]
[Site "Ås, Akershus NOR"]
[Date "1998.05.19"]
[Round "6"]
[White "Sondresen, Per"]
[Black "Furnes, Torstein"]
[Result "1/2-1/2"]
[WhiteElo "1771"]
[BlackElo "1483"]
[PlyCount "67"]
[EventDate "1998.05.04"]

1. d4 d5 2. Nf3 Nf6 3. Bf4 Bf5 4. Nbd2 e6 5. e3 c5 6. h3 Nc6 7. Nh4 Bg6 8. Nxg6
hxg6 9. c3 cxd4 10. exd4 Bd6 11. Bg5 Qb6 12. Rb1 Rc8 13. Bd3 Qc7 14. Qf3 Nh7
15. Be3 f5 16. Nb3 Qf7 17. Bf4 Bxf4 18. Qxf4 g5 19. Qd6 Rd8 20. Qc5 Qc7 21. Bb5
a6 22. Bxc6+ bxc6 23. Na5 Kd7 24. Kf1 Rb8 25. a4 Nf6 26. f3 Nh5 27. b4 Ng3+ 28.
Kf2 Nxh1+ 29. Rxh1 g4 30. h4 g3+ 31. Ke2 f4 32. Kd2 Rhe8 33. Re1 Rh8 34. Rh1
1/2-1/2

[Event "Klubbmesterskap 1998 (finale)"]
[Site "Ås, Akershus NOR"]
[Date "1998.05.19"]
[Round "6"]
[White "Bekkelien, Glenn Lewi"]
[Black "Gaasland, Glenn"]
[Result "0-1"]
[WhiteElo "1562"]
[BlackElo "1900"]
[PlyCount "80"]
[EventDate "1998.05.04"]

1. Nf3 Nf6 2. g3 d5 3. Bg2 Bg4 4. h3 Bxf3 5. Bxf3 e5 6. d3 Bc5 7. O-O c6 8. Nd2
Qd6 9. e4 Nbd7 10. Qe2 O-O-O 11. c3 Nf8 12. b4 Bb6 13. a4 h5 14. a5 Bc7 15. Ba3
dxe4 16. Nxe4 Qxd3 17. Qxd3 Rxd3 18. Be2 Rd8 19. Ng5 Rd7 20. b5 Nd5 21. bxc6
bxc6 22. Ba6+ Kd8 23. Rfd1 f6 24. Bxf8 fxg5 25. Bc5 Bb8 26. Rab1 Bc7 27. Bxa7
Nxc3 28. Rxd7+ Kxd7 29. Rb7 Ra8 30. Bc4 Kc8 31. Ba6 Kd8 32. Bb6 Nd5 33. Rxc7
Nxc7 34. Bb7 Rb8 35. a6 Kd7 36. Bxc7 Kxc7 37. a7 Kxb7 38. axb8=Q+ Kxb8 39. Kf1
Kc7 40. Ke2 Kd6 0-1